| 000 | 00419nam a22001697a 4500 | ||
|---|---|---|---|
| 003 | OSt | ||
| 005 | 20220128143514.0 | ||
| 008 | 220128b |||||||| |||| 00| 0 eng d | ||
| 020 | _a0766832252 | ||
| 040 | _cHU | ||
| 082 | _a621.37 | ||
| 100 |
_aOriley P. Ronald _929063 |
||
| 245 | _aElectrical Grounding : Based On The 2002National Electrical Code | ||
| 250 | _a6th ed | ||
| 300 | _f305 | ||
| 942 |
_2ddc _cBOOKS _n0 |
||
| 999 |
_c28388 _d28388 |
||